000 00337nam a2200157Ia 4500
100 _aCovey/Sean
650 _aGeneral
942 _cBK
366 _f20
245 _a6 Most important decisions you will ever make
260 _bSimon
_c2006
082 _a305.235
_bCOV
300 _a324
546 _aENGLISH
_cComputers
999 _c30691
_d30691